| 000 | nam a22 a 4500 | ||
|---|---|---|---|
| 999 |
_c1841 _d1841 |
||
| 005 | 20170512102049.0 | ||
| 008 | 170512b2008 ii ||||| |||| 00| 0 eng d | ||
| 020 |
_a9788179928257 _cRM44.25 |
||
| 040 | _aAKMAL | ||
| 082 | 0 | 4 | _a340.092 MEH |
| 090 |
_a340.092 _bMEH |
||
| 100 |
_aANKOOSH MEHTA _93818 |
||
| 245 |
_aLearn to be Your Own Lawyer In 30 Days _bA Complete Guide For Everybody _cAnkoosh Mehta |
||
| 260 |
_aMumbai _bJaico Publishing House |
||
| 300 |
_a290p _c18cm |
||
| 942 |
_2ddc _cBOOK |
||